Recharting the History of Economic Thought (Record no. 8733)

MARC details
000 -LEADER
fixed length control field 00324nam a2200133Ia 4500
008 - FIXED-LENGTH DATA ELEMENTS--GENERAL INFORMATION
fixed length control field 260604s9999 xx 000 0 und d
020 ## - INTERNATIONAL STANDARD BOOK NUMBER
International Standard Book Number 9789361314568
082 ## - DEWEY DECIMAL CLASSIFICATION NUMBER
Classification number 330 DEA
100 ## - MAIN ENTRY--PERSONAL NAME
Personal name Kevin deane
9 (RLIN) 35894
245 #0 - TITLE STATEMENT
Title Recharting the History of Economic Thought
260 ## - PUBLICATION, DISTRIBUTION, ETC.
Name of publisher, distributor, etc. Bloomsbury
500 ## - GENERAL NOTE
General note Economy
942 ## - ADDED ENTRY ELEMENTS (KOHA)
Koha item type Book
Holdings
Date last seen Total Checkouts Full call number Barcode Cost, replacement price Price effective from Koha item type Lost status Damaged status Not for loan Withdrawn status Home library Current library Shelving location Date acquired Cost, normal purchase price BOOK NO
06/04/2026   330 DEA 004351 1299.00 06/04/2026 Book         Indian Institute of Management Visakhapatnam Indian Institute of Management Visakhapatnam   06/04/2026 1299.00 DEA

Copyright © 2024 Indian Institute of Management Visakhapatnam
Koha v23.05